Sports les plus populaires en France - Statistiques

Statistiques générales
  • Ce quiz a été pris 278 fois
  • Le résultat moyen est 7 sur 10
Statistiques - réponses
Classement Pourcentage Sport % Correct
1 72% Football
100%
4 28% Basketball
93%
3 33% Tennis
89%
2 39% Rugby
84%
7 20% Handball
83%
6 24% Athlétisme
65%
5 28% Cyclisme
58%
9 16% Boxe
50%
8 20% Sports d'hiver
20%
10 14% Sports mécaniques
20%
Aucun quiz correspondant
Distribution des résultats
% des personnes avec chaque résultat
Percentile par nombre de réponses
Votre historique - résultats
Vous n’avez pas pris ce quiz